| 000 | 00689nam a2200205Ia 4500 | ||
|---|---|---|---|
| 003 | GCL | ||
| 008 | 140319s9999 xx 000 0 ara d | ||
| 040 |
_aGCL / _cGCL |
||
| 082 | 0 | 4 |
_a301.155 _bت ت |
| 100 | 1 | _aتوفلر، الفين | |
| 245 | 1 | 0 |
_aتحول السلطة , المعرفة والثورة والعنف على اعتاب القرن الحادى والعشرين / _cتوفلر، الفين |
| 700 | 1 | _aلبنى الريدى | |
| 300 | _a331 ص | ||
| 490 |
_aالالف كتاب الثانى _v0 |
||
| 650 | 0 | 4 | _aالعنف |
| 650 | 0 | 4 | _aالسلطة |
| 650 | 0 | 4 | _aالعقد الاجتماعى |
| 650 | 0 | 4 | _aالقرن الحادى والعشرين |
| 942 |
_2ddc _cBK |
||
| 999 |
_c44676 _d44676 |
||